000 00455nam a2200181Ia 4500
001 2568
005 20260306144816.0
008 260306t2017||||xx |||||||||||||| ||spa||
041 _aESP
082 _a616.89143
_bH52
100 _aHigy-Lang, Chantal
_eAUT
245 0 _aTerapia Gestalt:
_binteligencia relacional para vivir mejor
260 _c2017
300 _a205 páginas :
_c23 cm.
650 _aGEN
654 _aCPS
942 _cLIB
_dJUS
_fJUS
_2ddc
_n
999 _c2568
_d2568